Responses for Show #8349 - Thursday, March 4, 2021

Contestants

[<< previous game]

Chauncey Lo, a student from Los Altos, California

Jim Cooper, a screenwriter from Pacific Palisades, California

Melis Sahin-Collins, a data analyst from Redondo Beach, California (whose 1-day cash winnings total $2,000)

[next game >>]

Jeopardy! Round responses

THE KING OF TV
PLAYING THE SENSE ORGAN
DETECTIVE FICTION
ALPHABET DOGS
A BREAK FOR SPRING
HOMOPHONES
    $200 25
King Arthur

Chauncey
    $200 16
the tongue

Melis
    $200 5
Cabin 13

Triple Stumper
    $200 21
the Akita

Melis
    $200 1
the equinox

Jim
    $200 4
sell/cell

Melis
    $1,000 14
(Jim: What is Mad Men?)

The Crown

Jim
    $400 17
the epidermis

Melis
    $400 6
Patterson

Melis
    $400 22
a Boxer

Jim
    $400 2
(Jim: What is spring break?)

spring training

Jim
Triple Stumper
    $400 8
carat/carrot

Chauncey
    $600 15
King of the Hill

Chauncey
    $600 18
(Melis: What's the ear?)
(Mike: Give me more.)

the eardrum

Melis
    $600 7
Sherlock Holmes

Chauncey
    $600 28
(Melis: Uh, don't know.)
(Jim: What's a Scottie?)

a cairn terrier

MelisJim
Triple Stumper
    $600 3
a poppy

Chauncey
    $600 9
doe/dough

Melis
    $800 23
Downton Abbey

Triple Stumper
    $800 19
(Chauncey: What is the... cornea?)

the lens

MelisChauncey
    $800 10
Agatha Christie

Melis
    $800 29
Doberman

Melis
    $800 26
(Mike: That tradition of bonfires and nudity.)

Wiccans

Chauncey
    $800 12
shoot/chute

Jim
    $1000 24
(Mike: There, the kids paid off.)
(Jim: Woo-hoo.)

Adventure Time

Jim
    $1000 20
a mucous membrane

Chauncey
    $1000 11
(Jim: Who is Dierks Bentley?)

Dirk Gently

JimChauncey
    $1000 30
English Setter

Triple Stumper
    $1000 27
(Melis: What is Jacksonville?)

Fort Lauderdale

MelisJim
    $1000 13
a knave/nave

Jim

Scores at the first commercial break (after clue 15):

Melis Jim Chauncey
$2,000 -$400 $3,200

Scores at the end of the Jeopardy! Round:

Melis Jim Chauncey
$3,400 $1,400 $4,400

Double Jeopardy! Round responses

BIBLE BABES
GETTING RICHARD
BORDERS
IN LATIN, PLEASE
TERMS FROM HISTORY
HIT: THE "ROAD"
    $400 8
Psalms

Jim
    $400 16
Richard Daley

Jim
    $400 4
(Jim: What is Quebec?)
(Chauncey: What is Montana?)
(Melis: What is New York?)

Alaska

MelisJimChauncey
Triple Stumper
    $400 22
(Chauncey: Oh, no. Um, what is Mater Dolorosa--no.)
(Jim: What is Ave Marida. Maria. [*].)

ave Maria

JimChauncey
    $400 1
Reformation

Jim
    $400 11
"Old Town Road"

Jim
    $800 27
a manger

Jim
    $800 17
Richard Branson

Jim
    $800 5
Yemen

Chauncey
    $800 23
Corpus Christi

Jim
    $800 2
Reconstruction

Jim
    $800 12
Yellow Brick Road

Melis
    $1200 28
Moses

Chauncey
    $1200 18
Richard Dreyfuss

Jim
    $1200 6
(Chauncey: What's the Susquehanna?)

the Delaware River

Chauncey
Triple Stumper
    $3,000 26
Mike: [Prior to the wager] We have less than a minute.)
...
(Chauncey: What is...)
(Mike: Chauncey?)
(Chauncey: Ego?)

libido

Chauncey
    $1200 3
a shogun

Chauncey
    $1200 13
"The Long And Winding Road"

Jim
    $1600 29
[The end-of-round signal sounds.]

Isaiah

Triple Stumper
    $1600 19
Richard Avedon

Melis
    $1600 7
Mongolia

Melis
    $1600 25
postbellum

Triple Stumper
    $1600 9
Armenia

Jim
    $1600 14
(Jim: What is "Back On The Road Again"?)
[Jim's response was accepted as correct; the decision was reversed when the Daily Double was uncovered.]

"On The Road Again"

Jim
Triple Stumper
    $2000 20
(Richard) Dawkins

Chauncey
    $2000 21
the Zambezi

Chauncey
    $2000 24
ipso facto

Chauncey
    $1,000 10
appeasement

Jim
    $2000 15
"Thunder Road"

Jim

Scores at the end of the Double Jeopardy! Round:

Melis Jim Chauncey
$7,000 $11,600 $8,600

[wagering suggestions for these scores]

Final Jeopardy! Round responses

U.S. MILITARY EQUIPMENT
(Mike: [To Chauncey] Sioux was the first, but you may be more familiar with Apache or Black Hawk.)
MelisWhat is a missile?
$900
ChaunceyWhat are helicopters?
$700
JimWhat are helicopters?
$5,700
helicopters

Final scores:

Melis Jim Chauncey
$6,100 $17,300 $9,300
3rd place: $1,000 New champion: $17,300 2nd place: $2,000

Game dynamics:

Coryat scores:

Melis Jim Chauncey
$7,000 $13,600 $11,600
13 R,
3 W
20 R
(including 1 DD),
6 W
(including 1 DD)
14 R,
5 W
(including 1 DD)

Combined Coryat: $32,200

[game clues] [game scores] [suggest correction]

Game tape date: 2021-01-12
The J! Archive is created by fans, for fans. Scraping, republication, monetization, and malicious use prohibited; this site may use cookies and collect identifying information. See terms. The Jeopardy! game show and all elements thereof, including but not limited to copyright and trademark thereto, are the property of Jeopardy Productions, Inc. and are protected under law. This website is not affiliated with, sponsored by, or operated by Jeopardy Productions, Inc. Join the discussion at JBoard.tv.